| 000 | 00804nam a22002057a 4500 | ||
|---|---|---|---|
| 999 |
_c15849 _d15849 |
||
| 003 | AR-CdUCM | ||
| 008 | 190312b ||||| |||| 00| 0 eng d | ||
| 040 |
_aMUNICIPALIDAD PROVINCIAL DEL CUSCO _cBIBLIOTECA MUNICIPAL DEL CUSCO |
||
| 082 |
_a869.50 / _bV77 |
||
| 100 |
_aMonguió, Luis _916643 |
||
| 245 | _aLa poesía postmodernista peruana / | ||
| 260 |
_aMéxico : _bFondo de cultura económica, _c1954. |
||
| 300 |
_a251 páginas ; _c22 cm. |
||
| 505 | _aContendido : Introducción. La modalidad peruana de la poesía modernista -- El agotamiento y el abandono del modernismo en la poesía peruana -- El vanguardismo y la poesía peruana ... | ||
| 650 |
_aPoetas peruanos _91611 |
||
| 650 |
_aPoesía _9444 |
||
| 650 |
_aBiografía _910983 |
||
| 942 |
_2ddc _cLIBROS |
||
| 945 |
_arah _d30/04/2019 |
||